000 00532nam a2200229Ia 4500
005 20250425161849.0
008 250425s9999 xx 000 0 und d
020 _a8423414639
041 _aspa
082 _a004.6
100 _aHURLEY, BRIAN
245 0 _aCOMO HACER NEGOCIOS EN INTERNET
250 _a1A ED.
260 _aBILBAO
260 _aEspaƱa
_bDEUSTO S.A
_c1997
300 _a217
650 _aINTERNET
650 _aNEGOCIOS-INTERNET
650 _aREDES DE COMPUTADORAS
942 _c01
010 _a32848
999 _c217695
_d217695